Регионална библиотека "Любен Каравелов" - Русе

Териториалноустройствено планиране и селищно изграждане (Запис номер 362976)

MARC детайли
000 -Лидер
Контролно поле с фиксирана дължина nam a22 c 4500
003 - Код на организацията, давaща контролен номер
Контролно поле BLK
005 - Дата и час на последна редакция
Контролно поле 20200519173409.0
008 - Елементи от данни с фиксирана дължина
fixed length control field 200519b bu ||||| |||| 00| 0 bu d
010 ## - Наследен системен номер
LC control number KNG00172795000
040 ## - Източник на каталожния запис
Идентификатор на билиотеката - собственик на записа BLK
041 ## - Код за език
Код за езика на текст/звукозапис или на отделно заглавие Български
Код за езика КДБФ Български
080 ## - УДК
Текстов определител УДК Планиране на населени места
УДК код - определител по УДК 711.4
УДК определител (497.2)(035)
УДК - код + определител 711.4(497.2)(035)
100 1# - Редна дума - Автор
Автор Сокеров, Любомир Петков
Авторска отговорност първи автор
R(LIN) 121911
139 ## - Редно поле
Редна дума Сокеров, Любомир Петков и др.
Авторски знак Сок - С 50
245 10 - Сведения за заглавието
Заглавие Териториалноустройствено планиране и селищно изграждане
Подзаглавни данни Ръководство
Редно поле (дума) Любомир Петков Сокеров; съавт. Евлоги Стоичков Пенев; съавт. Петър Димитров Константинов
250 ## - Област на изданието
Сведения за изданието 2. допълн. и разш. изд.
257 ## - Страна на издаване
Страна на създаване/издаване България
260 ## - Област на издателските данни
Име на издателя, разпространителя и проч. Техника
Година на издаване 1967
Място на издаване, разпространение и проч. София
Печатница София : Г. Димитров
300 ## - Физическа характеристика
Страници 463 с., 1 л.
Илюстрации и др. със сх., черт.
Размери/Мащаб 24 см
380 ## - Жанр
Жанр Изкуство
500 ## - Общи забележки
Забележка Библиогр. с. 446 - 450 и под линия. - 5 606 тир. - Сп-к съкр. с. 452-453
650 #4 - Допълнително описание по предмет – тема
Основно описание – тема или топоним Планиране на населени места
9 (RLIN) 275380
653 #7 - Ключова дума – ненормативна
Ключова дума териториално планиране
9 (RLIN) 198241
653 #7 - Ключова дума – ненормативна
Ключова дума селищно устройство
9 (RLIN) 196399
700 ## - Други автори (авторска отговорност)
Лично име Пенев, Евлоги Стоичков
Автороска отговорност (Описва отношението между автора и произведението) съавт.
9 (RLIN) 411251
700 1# - Други автори (авторска отговорност)
Лично име Константинов, Петър Димитров
Автороска отговорност (Описва отношението между автора и произведението) съавт.
9 (RLIN) 82065
852 ## - Местоположение
Форматна сигнатура Цб 137717
Фондова буква Хранилище
999 ## - СИСТЕМНИ КОНТРОЛНИ НОМЕРА
Koha biblionumber 362976
Koha biblioitemnumber 362976
942 ## - АРТИКУЛИ
Вид на библиотечния материал Книги
Скрит в OPAC Не
Периодичен библиозапис Да
944 ## - СЪЗДАВАНЕ И РЕДАКЦИЯ на ЗАПИСА
Създаване/Редакция Създаване
Дата на регистрацията/редакция 2020-05-19
Служител, извършил регистрацията/редакцията С.Т.
999 ## - СИСТЕМНИ КОНТРОЛНИ НОМЕРА
Koha biblioitemnumber 362976
Наличности
Код за отписване Код за изгубен артикул Източник на класификационната схема Код за повреда Коз за рестрикции Код за отдаване Артикулен № Име на библиотеката - собственик Име на библиотеката, в която се намира в момента Статус (Текущо местоположение) Дата на вписване в системата Местоположение - отдел Цена в лева Инвентарен номер Систематично азбучна сигнатура Баркод Цена в евро Служебен тип на артикула
Изтеглен Не е изгубен Universal Decimal Classification Не е повреден без рестрикции заемане за дома 770854 Регионална библиотека "Любен Каравелов" Русе Регионална библиотека "Любен Каравелов" Русе Заемна - подръчен фонд 2020-05-20 Заемна - подръчен фонд 5.91 440272 Цб 137717 120000440272 3.02 Книги
  Не е изгубен Universal Decimal Classification Не е повреден само за читалня ползва се в читалня 804869 Регионална библиотека "Любен Каравелов" Русе Регионална библиотека "Любен Каравелов" Русе Хранилище 2020-11-06 Хранилище 5.91 437538 Цб 137717 900000016458 3.02 Книги
Vip Innovations Ltd, Rousse, Bulgaria 2025